Basho (1644-1694) và Huyền Quang (1254-1334) sự gặp gỡ với mùa thu hay sự tương hợp về cảm thức thẩm mĩ /
Gorde:
| Egile nagusia: | |
|---|---|
| Formatua: | Artikulua |
| Hizkuntza: | Vietnamese |
| Gaiak: | |
| Etiketak: |
Etiketa erantsi
Etiketarik gabe, Izan zaitez lehena erregistro honi etiketa jartzen!
|
| Thư viện lưu trữ: | Thư viện Trường Đại học Đà Lạt |
|---|
| LEADER | 00909nam a2200325 4500 | ||
|---|---|---|---|
| 001 | DLU060056693 | ||
| 040 | # | # | |a DLU |b vie |
| 041 | # | # | |a vie |
| 044 | # | # | |a vn |
| 100 | # | # | |a Lê Từ Hiển. |
| 245 | # | # | |a Basho (1644-1694) và Huyền Quang (1254-1334) sự gặp gỡ với mùa thu hay sự tương hợp về cảm thức thẩm mĩ / |c Lê Từ Hiển. |
| 653 | # | # | |a Basho |
| 653 | # | # | |a Huyền Quang |
| 653 | # | # | |a Nhật Bản |
| 653 | # | # | |a Thơ ca |
| 653 | # | # | |a Thơ Thiền |
| 773 | # | # | |t Nghiên cứu văn học |g Số 7, 2005, tr. 79-88 |
| 920 | # | # | |a Phòng Tạp chí -- Trung tâm Thông tin - Thư viện Trường Đại học Đà Lạt |
| 933 | # | # | |a DP |
| 933 | # | # | |a VH |
| 933 | # | # | |a VN |
| 994 | # | # | |a DLU |
| 900 | # | # | |a True |
| 911 | # | # | |a Nguyễn Thị Minh Cầm |
| 925 | # | # | |a G |
| 926 | # | # | |a A |
| 927 | # | # | |a BB |
| 980 | # | # | |a Thư viện Trường Đại học Đà Lạt |